| 000 | 00432nab a2200145Ia 4500 | ||
|---|---|---|---|
| 003 | ES-SlBCS | ||
| 005 | 20210601133832.0 | ||
| 008 | 140529s1982 xxu||||| |||| 00| 0 por d | ||
| 041 | _apor | ||
| 100 | 1 |
_aO'malley, Joseph James _9210340 |
|
| 245 | 0 | 0 |
_aEspírito, Natureza e Estado _c Joseph James O'Malley |
| 650 | 0 | 4 |
_aEspíritu _9126723 |
| 773 | 0 |
_tPresença Filosofica _gvol. 8, nº. 3-4, 1982, págs. 43-46 _wRev966 |
|
| 942 | _cAR | ||
| 999 |
_c602876 _d602876 |
||